Online
Catalog

Cambio climático en la República Dominicana : (Record no. 46235)

MARC details
000 -CABECERA
campo de control de longitud fija 00990nam a2200241 a 4500
001 - NÚMERO DE CONTROL
campo de control 000046746
005 - FECHA Y HORA DE LA ÚLTIMA TRANSACCIÓN
campo de control 20240313073819.0
008 - DATOS DE LONGITUD FIJA--INFORMACIÓN GENERAL
campo de control de longitud fija 180321s2015 dr a 000 0 spa d
020 ## - NÚMERO INTERNACIONAL ESTÁNDAR DEL LIBRO
Número Internacional Estándar del Libro 9789945590296
040 ## - FUENTE DE LA CATALOGACIÓN
Centro catalogador/agencia de origen DO-SdBNP
Lengua de catalogación spa
Centro/agencia transcriptor BNPHU
082 ## - NÚMERO DE LA CLASIFICACIÓN DECIMAL DEWEY
Número de clasificación 551.460097293
Número de documento/Ítem R788c
100 1# - ENTRADA PRINCIPAL--NOMBRE DE PERSONA
Nombre de persona Rosa, Matt
9 (RLIN) 74682
245 10 - MENCIÓN DE TÍTULO
Título Cambio climático en la República Dominicana :
Resto del título recursos costeros y comunidades /
Mención de responsabilidad, etc. Matt Rosa y Hillary Lohmann.
260 ## - PUBLICACIÓN, DISTRIBUCIÓN, ETC.
Lugar de publicación, distribución, etc. Santo Domingo :
Nombre del editor, distribuidor, etc. FUNGLODE,
Fecha de publicación, distribución, etc. 2015.
300 ## - DESCRIPCIÓN FÍSICA
Extensión 121 p. :
Otras características físicas il., mapas, gráficos ;
Dimensiones 21 cm.
490 1# - MENCIÓN DE SERIE
Mención de serie Estudios y reflexiones. Medio ambiente
590 ## - NOTA LOCAL (RLIN)
Nota local Inventariado,2018/DG
650 #4 - PUNTO DE ACCESO ADICIONAL DE MATERIA--TÉRMINO DE MATERIA
Término de materia o nombre geográfico como elemento de entrada Cambios climáticos
Subdivisión geográfica República Dominicana, Costa Oceano Atlántico
9 (RLIN) 74683
650 #4 - PUNTO DE ACCESO ADICIONAL DE MATERIA--TÉRMINO DE MATERIA
Término de materia o nombre geográfico como elemento de entrada Manejo de zonas costeras
Subdivisión geográfica República Dominicana, Costa Oceano Atlántico
9 (RLIN) 74684
710 2# - PUNTO DE ACCESO ADICIONAL--NOMBRE DE ENTIDAD CORPORATIVA
Nombre de entidad corporativa o nombre de jurisdicción como elemento de entrada Fundación Global Democracía y Desarrollo
9 (RLIN) 25477
830 #0 - PUNTO DE ACCESO ADICIONAL DE SERIE-TÍTULO UNIFORME
Título uniforme Estudios y reflexiones. Medio ambiente
9 (RLIN) 74685
910 ## - DATOS DE OPCIÓN DEL USUARIO (OCLC)
Datos de opción del usuario Validado. Control de calidad MFF
Holdings
Estado de retiro Estado de pérdida No para préstamo Código de colección Localización permanente Ubicación/localización actual Ubicación en estantería Fecha de adquisición Número de inventario Total de préstamos Signatura topográfica completa Código de barras Fecha visto por última vez Precio válido a partir de Tipo de ítem Koha Número de copia Restricciones de uso
    Excluido de préstamo Patrimonio Dominicano Patrimonio Dominicano Patrimonio Dominicano Depósito 21.03.2018 LF1   551.460097293 R788c 46746-10 25.06.2020 25.06.2020 Libro y Folleto Colección Patrimonio Dominicano    
    Excluido de préstamo Patrimonio Dominicano Patrimonio Dominicano Patrimonio Dominicano Depósito 21.03.2018 LF1   551.460097293 R788c 46746-20 25.06.2020 25.06.2020 Libro y Folleto Colección Patrimonio Dominicano e. 2  
      Dominicana de Servicio Patrimonio Dominicano Patrimonio Dominicano Depósito 21.03.2018 LF1   551.460097293 R788c 46746-30 25.06.2020 25.06.2020 Libro y Folleto Colección Dominicana de Servicio e. 3  

Powered by Koha